[Event "October Blitz"]
[Site "SchemingMind.com"]
[Date "2015.11.15"]
[Round "-"]
[White "smothered mate"]
[Black "Glenn O'Brien"]
[Result "0-1"]
[WhiteCountry "POL"]
[BlackCountry "AUS"]
[WhiteElo "1959"]
[WhiteRD "71"]
[BlackElo "1980"]
[BlackRD "68"]
[GameID "390358"]

1. e4 e5 2. Nf3 Nc6 3. Nc3 Nf6 4. b3 Bc5 5. Be2 O-O 6. O-O d6 7. Bb2 Nd4 8. h3 Nxe2+ 9. Qxe2 Nh5 10. d4 exd4
11. Na4 Ng3 12. Qd3 Nxf1 13. Rxf1 Bd7 14. Nxd4 Bxd4 15. Qxd4 Qg5 16. f4 Qg6 17. Rf3 Bxa4 18. bxa4 c5 19. Qc3 f6 20. f5 Qf7
21. Rd3 Qxa2 22. Rxd6 Qxa4 23. Qxc5 Qxe4 24. Qb5 Qxc2 25. Qxb7 Qc5+
0-1

[Event "October Blitz"]
[Site "SchemingMind.com"]
[Date "2015.11.14"]
[Round "-"]
[White "Glenn O'Brien"]
[Black "Selwyn"]
[Result "0-1"]
[WhiteCountry "AUS"]
[BlackCountry "AUS"]
[WhiteElo "1980"]
[WhiteRD "68"]
[BlackElo "2574"]
[BlackRD "86"]
[GameID "390359"]

1. e4 Nf6 2. e5 Nd5 3. d4 d6 4. Nf3 dxe5 5. Nxe5 g6 6. Bc4 c6 7. O-O Bg7 8. Re1 O-O 9. Bb3 Be6 10. Nd2 Nd7
11. Ndf3 a5 12. c3 Nxe5 13. Nxe5 Qc7 14. Bxd5 Bxd5 15. Bf4 Qd8 16. Nd3 Re8 17. b3 a4 18. bxa4 Qa5 19. Qd2 Qxa4 20. a3 b6
21. Bc7 Qa7 22. Bg3 c5 23. Be5 f6 24. Bg3 Bc4 25. Nb2 Bf7 26. Qe3 cxd4 27. cxd4 Rec8 28. Qxe7 Qxe7 29. Rxe7 Rxa3 30. Rxa3 Rc1+
31. Nd1 Rxd1+ 32. Re1 Rxe1#
0-1

[Event "October Blitz"]
[Site "SchemingMind.com"]
[Date "2015.11.15"]
[Round "-"]
[White "Selwyn"]
[Black "Glenn O'Brien"]
[Result "1-0"]
[WhiteCountry "AUS"]
[BlackCountry "AUS"]
[WhiteElo "2511"]
[WhiteRD "92"]
[BlackElo "1968"]
[BlackRD "69"]
[GameID "390360"]

1. d4 Nf6 2. c4 e6 3. Nc3 Bb4 4. e3 O-O 5. Bd3 d5 6. Nf3 c5 7. O-O Nc6 8. a3 Bxc3 9. bxc3 Qc7 10. h3 dxc4
11. Bxc4 b6 12. Bd3 e5 13. Qc2 Rd8 14. Re1 Bb7 15. e4 c4 16. Bxc4 exd4 17. e5 Na5 18. exf6 Bxf3 19. Qf5 Re8 20. Rxe8+ Rxe8
21. Qg5 Re1+ 22. Bf1 Rxf1+ 23. Kxf1 Qc4+ 24. Kg1 Kf8 25. fxg7+ Kg8 26. Qd8+ Kxg7 27. Bh6+
1-0

[Event "October Blitz"]
[Site "SchemingMind.com"]
[Date "2015.11.14"]
[Round "-"]
[White "Glenn O'Brien"]
[Black "Stephen Woodhouse"]
[Result "1-0"]
[WhiteCountry "AUS"]
[BlackCountry "ENG"]
[WhiteElo "1980"]
[WhiteRD "68"]
[BlackElo "1872"]
[BlackRD "49"]
[GameID "390361"]

1. e4 e6 2. d4 d5 3. Nc3 Nf6 4. Bg5 dxe4 5. Nxe4 Be7 6. Bxf6 Bxf6 7. Nf3 O-O 8. Qd2 Nd7 9. O-O-O b6 10. Bc4 Bb7
11. Qf4 Bd5 12. Bxd5 exd5 13. Ng3 Re8 14. h4 Nf8 15. Nf5 Ng6 16. Qh2 Ne7 17. Ne3 Kh8 18. c4 Rc8 19. g4 g6 20. Qf4 Qd6
21. Ne5 Qe6 22. cxd5 Bxe5 23. dxe5 Nxd5 24. Nxd5 Qxe5 25. Qxf7 Rf8 26. Qe7 Qxe7 27. Nxe7 Rce8 28. Rd7 Rxf2 29. Rxc7 Re2 30. Nd5 Rf8
31. Rxa7 Rff2 32. Rc7 Rxb2 33. Re1 Rfe2 34. Rxe2 Rxe2 35. Nf6
1-0

[Event "October Blitz"]
[Site "SchemingMind.com"]
[Date "2015.11.14"]
[Round "-"]
[White "Stephen Woodhouse"]
[Black "Glenn O'Brien"]
[Result "1/2-1/2"]
[WhiteCountry "ENG"]
[BlackCountry "AUS"]
[WhiteElo "1935"]
[WhiteRD "50"]
[BlackElo "1968"]
[BlackRD "69"]
[GameID "390362"]

1. e4 e5 2. Nf3 Nc6 3. d4 exd4 4. Nxd4 Bc5 5. Be3 Qf6 6. c3 Nge7 7. Bc4 Ne5 8. Be2 Qg6 9. O-O d6 10. Kh1 Qxe4
11. Nd2 Qg6 12. Bh5 Bg4 13. Qa4+ Bd7 14. Qd1 Bg4 15. Bxg6 Bxd1 16. Bxf7+ Kxf7 17. Raxd1 Bxd4 18. Bxd4 N7c6 19. Be3 h6 20. b3 Rhe8
21. Rfe1 Nd3 22. Re2 g5 23. Nf3 Nxf2+ 24. Rxf2 Rxe3 25. Nxg5+=
1/2-1/2

[Event "October Blitz"]
[Site "SchemingMind.com"]
[Date "2015.11.14"]
[Round "-"]
[White "Glenn O'Brien"]
[Black "frankly"]
[Result "0-1"]
[WhiteCountry "AUS"]
[BlackCountry "ENG"]
[WhiteElo "1980"]
[WhiteRD "68"]
[BlackElo "2473"]
[BlackRD "55"]
[GameID "390363"]

1. e4 c5 2. Nf3 Nc6 3. d4 cxd4 4. Nxd4 Nf6 5. Nc3 d6 6. Bg5 e6 7. Qd2 a6 8. O-O-O Bd7 9. f4 b5 10. Bxf6 gxf6
11. Kb1 Qb6 12. Nxc6 Bxc6 13. f5 Qc5 14. Bd3 b4 15. Ne2 h5 16. fxe6 fxe6 17. Qf4 Rh6 18. Rhe1 a5 19. Qh4 Kf7 20. Nf4 a4
21. Be2 b3 22. Bxh5+ Kg8 23. axb3 axb3 24. cxb3 f5 25. Qg5+ Bg7 26. Nd3 Qa5 27. e5 Bd5 28. b4 Qa4 29. Bf3 Rc8 30. Bxd5 Qc2+
31. Ka1 exd5 32. Nc1 Ra8+ 33. Na2 Qb3 34. Kb1 Qxa2+ 35. Kc2 dxe5 36. Kd3 Qxb2 37. Rd2 Qxb4 38. Red1 Qe4+ 39. Kc3 Qc4+ 40. Kb2 Rb6#
0-1

[Event "October Blitz"]
[Site "SchemingMind.com"]
[Date "2015.11.14"]
[Round "-"]
[White "frankly"]
[Black "Glenn O'Brien"]
[Result "1-0"]
[WhiteCountry "ENG"]
[BlackCountry "AUS"]
[WhiteElo "2473"]
[WhiteRD "55"]
[BlackElo "1980"]
[BlackRD "68"]
[GameID "390364"]

1. d4 Nf6 2. Nf3 g6 3. c4 Bg7 4. g3 O-O 5. Bg2 d6 6. O-O Nbd7 7. Qc2 e5 8. Rd1 Re8 9. Nc3 c6 10. e4 exd4
11. Nxd4 Qe7 12. f3 Nc5 13. Bg5 h6 14. Be3 Nfd7 15. Qd2 Ne5 16. b3 g5 17. Qc2 g4 18. f4 Nf3+ 19. Nxf3 Bxc3 20. Qxc3 Nxe4
21. Qd4 Nxg3 22. hxg3 gxf3 23. Re1 fxg2 24. Bd2 Qf8 25. Rxe8 Qxe8 26. Bc3 f6 27. Qxf6 Qe3+ 28. Kh2 g1=B+ 29. Rxg1 Qe2+ 30. Rg2 Qh5+
31. Kg1 Qd1+ 32. Kf2 Qc2+ 33. Ke3 Qc1+ 34. Rd2 Qg1+ 35. Kd3 Qxg3+ 36. Kc2 Qg4 37. Kb2 d5 38. Qh8+ Kf7 39. Qh7+ Ke8 40. Bf6 Qe6
41. Qh8+ Kf7 42. Qg7+ Ke8 43. f5 Qxf6+ 44. Qxf6 Bxf5 45. Rg2 Bg4 46. Rxg4 dxc4 47. Rg8+ Kd7 48. Rg7+ Kc8 49. Qf8#
1-0

[Event "October Blitz"]
[Site "SchemingMind.com"]
[Date "2015.11.14"]
[Round "-"]
[White "Glenn O'Brien"]
[Black "Ramesh Panwar"]
[Result "0-1"]
[WhiteCountry "AUS"]
[BlackCountry "IND"]
[WhiteElo "1980"]
[WhiteRD "68"]
[BlackElo "2409"]
[BlackRD "63"]
[GameID "390365"]

1. e4 e5 2. Nf3 Nc6 3. Bb5 a6 4. Ba4 Nf6 5. O-O Be7 6. Re1 b5 7. Bb3 O-O 8. c3 d5 9. exd5 Nxd5 10. Nxe5 Nxe5
11. Rxe5 c6 12. d4 Bd6 13. Re1 Qh4 14. g3 Qh3 15. Be3 Be6 16. Qf3 a5 17. Qg2 Qf5 18. Bd1 b4 19. c4 Nxe3 20. fxe3 Bxc4
21. Nd2 Bb5 22. Rc1 Rad8 23. Nb3 a4 24. Na5 Rde8 25. Nxc6 Qg5 26. Qf3 Re6 27. d5 Rf6 28. Qh5 Rf1+ 29. Kg2 Qf6 30. Bc2 Qf2+
31. Kh3 f5 32. Bxf5 Rxf5 33. Qe8+ Bf8 34. e4 Rxe1 35. Qe6+ Rf7 36. Rxe1 Qxe1 37. a3 Qf1+ 38. Kh4 Qf2 39. h3 Be2 40. axb4 h6
41. Qxf7+ Qxf7 42. g4 Qf2+ 43. Kh5 g6+ 44. Kxg6 Qf7#
0-1

[Event "October Blitz"]
[Site "SchemingMind.com"]
[Date "2015.11.15"]
[Round "-"]
[White "Ramesh Panwar"]
[Black "Glenn O'Brien"]
[Result "1-0"]
[WhiteCountry "IND"]
[BlackCountry "AUS"]
[WhiteElo "2409"]
[WhiteRD "63"]
[BlackElo "1980"]
[BlackRD "68"]
[GameID "390366"]

1. Nf3 d5 2. d4 Nf6 3. c4 c6 4. Nc3 e6 5. e3 Nbd7 6. Bd3 dxc4 7. Bxc4 b5 8. Bd3 Bb7 9. b3 a6 10. a4 Bb4
11. Bd2 O-O 12. Ne4 Bxd2+ 13. Qxd2 Nxe4 14. Bxe4 f5 15. Bd3 c5 16. Be2 cxd4 17. exd4 Nf6 18. axb5 axb5 19. O-O Qd5 20. Qb4 Bc6
21. Rfc1 g6 22. Rxa8 Rxa8 23. h3 Ra2 24. Qe7 Rxe2 25. Qxf6 Re4 26. Ra1 Bb7 27. Ra7 Qd7 28. Ne5 Qc7 29. Qxe6+ Kf8 30. Nd7+ Kg7
31. Qf6+ Kh6 32. Qf8+ Kh5 33. Nf6+ Kg5 34. Nxe4+ fxe4 35. g3 Kh5 36. d5 e3 37. Qf3+ Kh6 38. Qxe3+ Kg7 39. d6 Qd7 40. Qb6 Bc6
41. Rxd7+ Bxd7 42. Qc7 Kf6 43. Qxd7 Ke5 44. Qc7 h6 45. d7+ Ke4 46. d8=Q g5 47. Qc6+ Ke5 48. Qdd5#
1-0

[Event "October Blitz"]
[Site "SchemingMind.com"]
[Date "2015.11.14"]
[Round "-"]
[White "Glenn O'Brien"]
[Black "Eric Caesar"]
[Result "1/2-1/2"]
[WhiteCountry "AUS"]
[BlackCountry "NED"]
[WhiteElo "1980"]
[WhiteRD "68"]
[BlackElo "1946"]
[BlackRD "66"]
[GameID "390367"]

1. e4 c5 2. Nf3 d6 3. d4 cxd4 4. Nxd4 Nf6 5. Nc3 a6 6. Bg5 Qb6 7. Bxf6 gxf6 8. Nd5 Qd8 9. Qf3 Nc6 10. Qc3 Bd7
11. Nf5 Bxf5 12. exf5 Rc8 13. O-O-O Qa5 14. Qxa5 Nxa5 15. Kb1 Rg8 16. Re1 Kd8 17. Re4 Rc5 18. c4 b5 19. b3 bxc4 20. bxc4 Nc6
21. g4 Bh6 22. Be2 Kd7 23. Nb6+ Kc7 24. Nd5+ Kd7 25. Nb6+ Kc7 26. Nd5+ Kd7
1/2-1/2

[Event "October Blitz"]
[Site "SchemingMind.com"]
[Date "2015.11.15"]
[Round "-"]
[White "Eric Caesar"]
[Black "Glenn O'Brien"]
[Result "0-1"]
[WhiteCountry "NED"]
[BlackCountry "AUS"]
[WhiteElo "1932"]
[WhiteRD "66"]
[BlackElo "2017"]
[BlackRD "69"]
[GameID "390368"]

1. e4 e5 2. Nf3 Nc6 3. Bb5 a6 4. Ba4 Nf6 5. d3 b5 6. Bb3 Be7 7. c3 O-O 8. Nbd2 d6 9. Qe2 Na5 10. Bc2 c5
11. Nf1 Re8 12. Ng3 Nc6 13. Nf5 Bxf5 14. exf5 Qd7 15. g4 Nxg4 16. Rg1 Qxf5 17. d4 Qd7 18. d5 Na5 19. h3 Nf6 20. Bg5 Qxh3
21. O-O-O h6 22. Rh1 Qd7 23. Bxf6 Bxf6 24. Qe4 Nc4 25. Qh7+ Kf8 26. Nh4 Bg5+ 27. Kb1 Bxh4 28. Rxh4 h5 29. Qh8+ Ke7 30. Qxg7 Rg8
31. Qh6 Raf8 32. Rxh5 Qg4 33. Re1 Qf3 34. Rh2 Qxd5 35. Qh4+ f6 36. f4 Nd2+ 37. Rxd2 Qxd2 38. fxe5 dxe5 39. Rxe5+ Kd6 40. Re1 Rg4
41. Qh1 Rh8 42. Qf1 Rf4 43. Qg1 Qh2 44. Rd1+ Kc6 45. Qe3 Rc8 46. Qe6+ Kb7 47. Rd7+ Rc7 48. Be4+ Rxe4 49. Qxe4+ Kb6 50. Qe6+ Rc6
51. Qe1 Rd6 52. Re7 a5 53. a3 Qf4 54. Qh1 Qf5+ 55. Ka1 Qc8 56. Qe4 Qc6 57. Qe1 Qd5 58. Qf2 Qb3 59. Re1 Qd5 60. Qg3 Qd2
61. Rf1 b4 62. cxb4 cxb4 63. Qg1+ Kb5 64. Rf5+ Ka4 65. axb4 Qc2 66. Rxa5+ Kxb4 67. Qe1+ Rd2 68. Ra2 Qd1+ 69. Qxd1 Rxd1#
0-1